000 00284nam a2200121Ia 4500
008 191201s2015 xx 000 0 und d
100 _aTHAREJA, Reema
245 0 _aData Structures Using C
260 _aN. delhi
_bOxford
_c2015
300 _a531
650 _aMCA
942 _2ddc
_cBK
_017
999 _c6040
_d6040